000 00655pam a2200241 a 4500
001 1051598
005 20180312095218.0
008 900105s1991 paua b 001 0 eng c
010 _a 90005415
020 _a0397510055
040 _aDNLM/DLC
_cDLC
_dDLC
041 _aeng
060 _aQW 4 E78
080 _a616.01 WIL
082 0 0 _a616.01 WIL
_220
100 _a4
101 _aMED
245 0 0 _aEssentials of medical microbiology /
_cWesley A. Volk ... [et al.].
504 _aIncludes bibliographical references.
906 _a7
_bcbc
_corignew
_d1
_eocip
_f19
_gy-gencatlg
942 _2ddc
_cBK
999 _c44786
_d44786